|
|
|
|
| LEADER |
00715nas a2200181 i 4500 |
| 001 |
misc74747 |
| 005 |
20240621085447.0 |
| 008 |
240618s1925 hu n o 000 hun d |
| 040 |
|
|
|a SZTE Miscellanea Repozitórium
|b hun
|
| 041 |
|
|
|a hun
|
| 245 |
0 |
0 |
|a Pesti Napló
|h [elektronikus dokumentum] :
|b ingyenes képes műmelléklet : 1925. augusztus 2.
|
| 260 |
|
|
|a Athenaeum Nyomda
|b Budapest
|c 1925
|
| 300 |
|
|
|a 7
|
| 490 |
0 |
|
|a Pesti Napló
|
| 650 |
|
4 |
|a Bölcsészettudományok
|
| 650 |
|
4 |
|a Művészetek (művészetek, művészettörténet, előadóművészetek, zene)
|
| 695 |
|
|
|a Fotóművészet - magyar - folyóirat
|
| 856 |
4 |
0 |
|u http://misc.bibl.u-szeged.hu/74747/1/pesti_naplo_kepes_melleklet_1925_08_02.pdf
|z Dokumentum-elérés
|